书目信息 |
| 题名: |
竹笛考级曲集
|
|
| 作者: | 朴东生 总编 ;社会艺术水平考级委员会系列丛书编委会 编 | |
| 分册: | 1 | |
| 出版信息: | 北京 人民音乐出版社 2010.05 |
|
| 页数: | 127页 | |
| 开本: | 30cm | |
| 丛书名: | 全国民族乐器演奏社会艺术水平考级系列丛书 | |
| 单 册: | ||
| 中图分类: | J648.11 | |
| 科图分类: | ||
| 主题词: | 笛子--器乐曲--作品集--中国 , 笛子 , 器乐曲 | |
| 电子资源: | ||
| ISBN: | 978-7-103-03917-5 | |
| 000 | 01096oam2 2200289 450 | |
| 001 | 004708446 | |
| 005 | 20120419161047.03 | |
| 010 | @a978-7-103-03917-5@dCNY33.00,CNY66.00(全两册) | |
| 100 | @a20110614d2010 em y0chiy50 ea | |
| 101 | 0 | @achi |
| 102 | @aCN@b110000 | |
| 105 | @ag z 000yy | |
| 106 | @ar | |
| 200 | 1 | @a竹笛考级曲集@9zhu di kao ji qu ji@h1@f朴东生总编@g社会艺术水平考级委员会系列丛书编委会编 |
| 210 | @a北京@c人民音乐出版社@d2010.05 | |
| 215 | @a127页@d30cm | |
| 225 | 2 | @a全国民族乐器演奏社会艺术水平考级系列丛书 |
| 330 | @a本书主要内容包括:浏阳河、我有一头小毛驴、我爱北京天安门、红星歌、采茶灯、青年参军、龙的传人、火车开了、小红帽等。 | |
| 461 | 0 | @12001 @a全国民族乐器演奏社会艺术水平考级系列丛书 |
| 606 | 0 | @a笛子@x器乐曲@x作品集@y中国 |
| 606 | 0 | @a笛子 |
| 606 | 0 | @a器乐曲 |
| 690 | @aJ648.11@v4 | |
| 701 | 0 | @a朴东生@9pu dong sheng@f(1934-)@4总编 |
| 712 | 02 | @a社会艺术水平考级委员会系列丛书编委会@9she hui yi shu shui ping kao ji wei yuan hui xi lie cong shu bian wei hui@4编 |
| 801 | 0 | @aCN@bNLC@c20110614 |
| 905 | @b537841-47@dJ648.11@e165:1@f7 | |
| 竹笛考级曲集.1/朴东生总编/社会艺术水平考级委员会系列丛书编委会编.-北京:人民音乐出版社,2010.05 |
| 127页;30cm.-(全国民族乐器演奏社会艺术水平考级系列丛书) |
| ISBN 978-7-103-03917-5:CNY33.00,CNY66.00(全两册) |
| 本书主要内容包括:浏阳河、我有一头小毛驴、我爱北京天安门、红星歌、采茶灯、青年参军、龙的传人、火车开了、小红帽等。 |
| ● |
| 相关链接 |
|
|
|
|
正题名:竹笛考级曲集
索取号:J648.11/165:1
 
预约/预借
| 序号 | 登录号 | 条形码 | 馆藏地/架位号 | 状态 | 备注 |
| 1 | 537841 | 205378410 | 第一样本阅览室/ [索取号:J648.11/165:1] | 在馆 | |
| 2 | 537842 | 205378429 | 第一借阅区/ [索取号:J648.11/165:1] | 在馆 | |
| 3 | 537843 | 205378438 | 第一借阅区/ [索取号:J648.11/165:1] | 在馆 | |
| 4 | 537844 | 205378447 | 第一借阅区/ [索取号:J648.11/165:1] | 在馆 | |
| 5 | 537845 | 205378456 | 第一借阅区/ [索取号:J648.11/165:1] | 在馆 | |
| 6 | 537846 | 205378465 | 第一借阅区/ [索取号:J648.11/165:1] | 在馆 | |
| 7 | 537847 | 205378474 | 第一借阅区/ [索取号:J648.11/165:1] | 在馆 |